| 000 | 00500nam a2200181 a 4500 | ||
|---|---|---|---|
| 001 | 2345 | ||
| 005 | 20140414132004.0 | ||
| 008 | 001111s19uu xx 00 eng d | ||
| 020 | _a0-669-08051-9 | ||
| 050 |
_aTR 428.6 _bB15 1986 |
||
| 245 |
_aBuilding dreams / _cMildred H. Bailey, et. al. |
||
| 250 | _aTeacher's edition | ||
| 260 |
_aLexington, MA : _bD. C. Heath & Comp, _c1986. |
||
| 300 | _a575 p. : ill. ; cm. | ||
| 440 | _aHeath American Readers | ||
| 650 | _aReading. | ||
| 999 |
_c113145 _d113145 |
||